LEADER 01572oam 2200457 450 001 9910131519903321 005 20230621135339.0 024 7 $a10.26530/OAPEN_620444 035 $a(CKB)3710000000499594 035 $a(WaSeSS)IndRDA00057462 035 $a(EXLCZ)993710000000499594 100 $a20160609d2012 uy 0 101 0 $aslv 135 $aurm|#|||||||| 181 $ctxt$2rdacontent 182 $cc$2rdamedia 183 $acr$2rdacarrier 200 10$aPravne razsez?nosti prepovedi nadlegovanja /$favtor Gregor Mauc?ec 210 1$aMaribor :$cIn?titut za lokalno samoupravo in javna naro?ila,$d2012. 215 $a1 online resource (339 pages) $cdigital, PDF file(s) 225 0 $aLex Localis 320 $aIncludes bibliographical references. 606 $aHarcèlement sexuel$9fre$2ECLAS 606 $aSexual harassment 606 $aSexual harassment$xPrevention 606 $aHarassment$xLaw and legislation$2fast$3(OCoLC)fst00951201 606 $aSexual harassment$2fast$3(OCoLC)fst01114857 606 $aSexual harassment$xPrevention$2fast$3(OCoLC)fst01114865 615 7$aHarcèlement sexuel 615 0$aSexual harassment. 615 0$aSexual harassment$xPrevention. 615 7$aHarassment$xLaw and legislation. 615 7$aSexual harassment. 615 7$aSexual harassment$xPrevention. 700 $aMauc?ec$b Gregor$0946656 801 0$bWaSeSS 801 2$bUkMaJRU 906 $aBOOK 912 $a9910131519903321 996 $aPravne razsez?nosti prepovedi nadlegovanja$92138838 997 $aUNINA LEADER 02046oam 2200541 450 001 9910707003403321 005 20160407152643.0 035 $a(CKB)5470000002461459 035 $a(OCoLC)844713280 035 $a(EXLCZ)995470000002461459 100 $a20130527j199608 ua 0 101 0 $aeng 135 $aurcn||||a|a|| 181 $ctxt$2rdacontent 182 $cc$2rdamedia 183 $acr$2rdacarrier 200 10$aCompendium of information for interpreting the microgravity environment of the orbiter spacecraft /$fRichard DeLombard 210 1$aCleveland, Ohio :$cNational Aeronautics and Space Administration, Lewis Research Center,$dAugust 1996. 215 $a1 online resource (ii, 40 pages) $ccolor illustrations 225 1 $aNASA technical memorandum ;$v107032 300 $aTitle from title screen (viewed April 7, 2016). 300 $a"August 1996." 300 $a"Performing organization: National Aeronautics and Space Administration, Lewis Research Center, Cleveland, Ohio"--Report documentation page. 320 $aIncludes bibliographical references (pages 38-40). 606 $aResearch in reduced gravity environments$2fast 606 $aAccelerometers$2nasat 606 $aLow gravity manufacturing$2nasat 606 $aMicrogravity applications$2nasat 606 $aSpace Shuttle orbiters$2nasat 606 $aSpaceborne experiments$2nasat 615 7$aResearch in reduced gravity environments. 615 7$aAccelerometers. 615 7$aLow gravity manufacturing. 615 7$aMicrogravity applications. 615 7$aSpace Shuttle orbiters. 615 7$aSpaceborne experiments. 700 $aDeLombard$b Richard$01385979 712 02$aLewis Research Center. 801 0$bOCLCE 801 1$bOCLCE 801 2$bOCLCO 801 2$bOCLCQ 801 2$bOCLCF 801 2$bGPO 906 $aBOOK 912 $a9910707003403321 996 $aCompendium of information for interpreting the microgravity environment of the orbiter spacecraft$93434509 997 $aUNINA